| 000 | 00488nam a2200097Ia 4500 | ||
|---|---|---|---|
| 008 | 180412s9999||||xx |||||||||||||| ||und|| | ||
| 040 | _aAhmadu Bello University Library - Zaria | ||
| 245 | 0 |
_aBibliography on Oxygen and Carbon Dioxide in Soil; Soil Respiration References to Work Done in Temperate Areas, 1971-1966. _cCOMMONWEALTH BUREAU OF SOILS. |
|
| 260 | _c1972 | ||
| 300 | _app.27. | ||
| 500 | _aBibliography on oxygen and carbon dioxide in soil; soil respiration references to work done in temperate areas, 1971-1966. | ||
| 999 |
_c4882 _d4882 |
||